Loading...
| Current Events | 1 | 20.00 | 100% | 0% | 100% |
| Fine Arts - Auditory Fine Arts | 4 | 12.50 | 100% | 25% | 0% |
| Fine Arts - Other Fine Arts | 6 | 18.33 | 100% | 83% | 0% |
| Fine Arts - Visual Fine Arts | 7 | 14.29 | 86% | 57% | 0% |
| Geography | 2 | 10.00 | 100% | 0% | 0% |
| History - American History | 4 | 17.50 | 100% | 75% | 0% |
| History - European History | 6 | 13.33 | 100% | 33% | 0% |
| History - Other History | 4 | 12.50 | 100% | 25% | 0% |
| History - World History | 4 | 12.50 | 75% | 50% | 0% |
| Literature - American Literature | 2 | 25.00 | 100% | 100% | 50% |
| Literature - British Literature | 7 | 15.71 | 100% | 57% | 0% |
| Literature - European Literature | 4 | 15.00 | 100% | 50% | 0% |
| Literature - World Literature | 5 | 14.00 | 100% | 40% | 0% |
| Mythology | 2 | 25.00 | 100% | 100% | 50% |
| Other Academic | 2 | 25.00 | 100% | 100% | 50% |
| Philosophy | 1 | 10.00 | 100% | 0% | 0% |
| Religion | 7 | 17.14 | 100% | 71% | 0% |
| Science - Biology | 3 | 10.00 | 100% | 0% | 0% |
| Science - Chemistry | 7 | 10.00 | 71% | 14% | 14% |
| Science - Other Science | 3 | 10.00 | 100% | 0% | 0% |
| Science - Physics | 4 | 5.00 | 50% | 0% | 0% |
| Social Science | 4 | 12.50 | 100% | 25% | 0% |